Applied social psychology : (Record no. 51565)

MARC details
000 -LEADER
fixed length control field 00647nam a2200217Ia 4500
005 - DATE AND TIME OF LATEST TRANSACTION
control field 20260429111939.0
008 - FIXED-LENGTH DATA ELEMENTS--GENERAL INFORMATION
fixed length control field 260429s9999||||xx |||||||||||||| ||und||
020 ## - INTERNATIONAL STANDARD BOOK NUMBER
International Standard Book Number 9789354791826
041 ## - LANGUAGE CODE
Language English
082 ## - DEWEY DECIMAL CLASSIFICATION NUMBER
Classification number 158
Item number GRU
100 ## - MAIN ENTRY--PERSONAL NAME
Personal name Gruman, Jamie A.
245 #0 - TITLE STATEMENT
Title Applied social psychology :
Remainder of title understanding and addressing social and practical problems /
Statement of responsibility, etc Jamie A. Gruman
250 ## - EDITION STATEMENT
Edition statement 3rd ed.
260 ## - PUBLICATION, DISTRIBUTION, ETC. (IMPRINT)
Place of publication, distribution, etc New Delhi :
Name of publisher, distributor, etc Sage Publications,
Date of publication, distribution, etc 2017.
300 ## - PHYSICAL DESCRIPTION
Extent xii, 508 p.; pbk
650 ## - SUBJECT ADDED ENTRY--TOPICAL TERM
Topical term or geographic name as entry element Social psychology
650 ## - SUBJECT ADDED ENTRY--TOPICAL TERM
Topical term or geographic name as entry element Applied psychology
700 ## - ADDED ENTRY--PERSONAL NAME
Personal name Coutts, Larry M.
700 ## - ADDED ENTRY--PERSONAL NAME
Personal name Schneider, Frank W.
942 ## - ADDED ENTRY ELEMENTS (KOHA)
Koha item type Text Books
Holdings
Withdrawn status Lost status Damaged status Not for loan Collection code Home library Location Shelving location Date of Cataloging Source of acquisition Total Checkouts Full call number Barcode Date last seen Price effective from Koha item type
        Non-fiction CUTN Central Library CUTN Central Library Philosophy & psychology 29/04/2026 Chennai Book Agency, Chennai - Invoice No. 24-25/0154 on 10-02-2026   158 GRU 56592 29/04/2026 29/04/2026 Text Books